000 00633nam a22002297a 4500
003 UA-OsUOA
001 25425
007 ta
008 20040408b un ||||| |||| 00| 0 ukr d
090 _a34(094.4):347.6(477)
_bК55
942 _cBK
040 _aUA-OsUOA
_brus
_cUA-OsUOA
_dUA-OsUOA
245 _aКодекс о браке и семье Украины (с изменениями и дополнениями на 17.03.97)
300 _a72 с.
955 _a0
041 _arus
080 _a34(094.4):347.6(477)
260 _aКиев
_bВлад и Влада
_c1997
044 _aRU
650 7 _2UDC
999 _c311720
_d311720